LEADER 00907nam0-22003251i-450- 001 990004003370403321 005 20040226104527.0 010 $a88-87851-01-8 035 $a000400337 035 $aFED01000400337 035 $a(Aleph)000400337FED01 035 $a000400337 100 $a20040226d2001----km-y0itay50------ba 101 0 $aita 102 $aIT 105 $a--------001cy 200 1 $a<>nemico totale$eun'ipotesi sul fenomeno del terrorismo$fEmiliana Mangone 210 $aAngri (Salerno)$cCalamos$dİ2001 215 $a155 p.$d24 cm 320 $aContiene riferimenti bibl. (pp. 153-155) 610 0 $aTerrorismo 676 $a322.42$v21$zita 700 1$aMangone,$bEmiliana$0151468 801 0$aIT$bUNINA$gRICA$2UNIMARC 901 $aBK 912 $a990004003370403321 952 $a322.42 MAN 1$b1914$fBFS 959 $aBFS 996 $aNemico totale$9472004 997 $aUNINA LEADER 03959cam0-22012971i-450- 001 990001220910403321 005 20140404114736.0 035 $a000122091 035 $aFED01000122091 035 $a(Aleph)000122091FED01 035 $a000122091 100 $a20001205g19681970km-y0itay50------ba 101 2 $aita$aeng 105 $aa-------001yy 200 1 $a<>fisica di Feynman$fRichard P. Feynman, Robert B. Leighton, Matthew Sands 210 $aLondon$cAddison-Wesley$dc1968-1970 215 $a2 v. in 5$cill.$d21 cm 327 1 $a1.: Principalmente sulla meccanica, radiazione, e calore$a2.: Principalmente elettromagnetismo e struttura della materia$a3.: Meccanica quantistica 610 0 $aMateria$aStruttura 610 0 $aElettromagnetismo 610 0 $aFisica 610 0 $aCalore 610 0 $aMeccanica 676 $a531 676 $a530 700 1$aFeynman,$bRichard Phillips$046772 701 1$aLeighton,$bRobert B.$0757 701 1$aSands,$bMatthew$0758 801 0$aIT$bUNINA$gRICA$2UNIMARC 901 $aBK 912 $a990001220910403321 952 $a20A-034.03B$b18061$fFI1 952 $aFIS D 15$fDARCO 952 $a04 040-28/5$bIRC 185/L-IV$fDINCH 952 $a10 B I 80$b6285$fDINEL 952 $a10 B I 82$b6285$fDINEL 952 $aC.20A-001.003$b6460$fFI1 952 $a20A-059.001$b6714$fFI1 952 $a13-M-2$b8898$fMA1 952 $a13-M-1$b8644$fMA1 952 $a13-M-3$b8899$fMA1 952 $a13-M-5$b9389$fMA1 952 $a13-M-4$b9388$fMA1 952 $a04 040-28/2$bIRC 185/L-1$fDINCH 952 $a04 040-28/3$bIRC 185/-II$fDINCH 952 $a04 040-28/4$bIRC 185/L-III$fDINCH 952 $a13 N 35 05$b28447$fFINBC 952 $a13 N 34 14$b26756$fFINBC 952 $a13 N 34 13$b28587$fFINBC 952 $a13 N 34 12$b26994$fFINBC 952 $a04 040-28/1$bIRC 185/L$fDINCH 952 $a10 B I 90$b6653$fDINEL 952 $aC.20A-001.007$b7045$fFI1 952 $a20A-059.004$b7044$fFI1 952 $aS.20A-023$fFI1 952 $aS.20A-101$fFI1 952 $a13-M-6$b9842$fMA1 952 $a13-M-10$b9846$fMA1 952 $a13-M-9$b9845$fMA1 952 $a13-M-7$b9843$fMA1 952 $a13-M-8$b9844$fMA1 952 $a13-M-12$b12849$fMA1 952 $a13-M-11$b12848$fMA1 952 $a13-M-13$b12850$fMA1 952 $a13-M-15$b12852$fMA1 952 $a13-M-14$b12851$fMA1 952 $aS.20A-021$b8771$fFI1 952 $aS.20A-022$b8772$fFI1 952 $aS.20A-202$b18829$fFI1 952 $aS.20A-018$fFI1 952 $a13 X 25$b26813$fFINBC 952 $a13 A 71 03$b30416$fFINBC 952 $a13 A 71 04$b26972$fFINBC 952 $a13 A 71 05$b28445$fFINBC 952 $a13 A 71 06$b28446$fFINBC 952 $a04 040-27$bIRC 91/L$fDINCH 952 $a04 040-28/1-3$bIRC 185/L-I$fDINCH 952 $aS.20A-040$fFI1 952 $aS.20A-039$fFI1 952 $aS.20A-036$fFI1 952 $a20A-059.02A$fFI1 952 $a20A-059.002$b6715$fFI1 952 $aS.20A-038$fFI1 952 $a20A-061.002$fFI1 952 $a20A-060.002$b6701$fFI1 952 $a20A-059.001$b6714$fFI1 952 $a20A-060.001$b6700$fFI1 952 $aS.20A-020$fFI1 952 $aC.20A-001.004$b6702$fFI1 952 $aC.20A-001.005$b6703$fFI1 952 $aS.20A-198$fFI1 952 $aS.20A-208$fFI1 952 $aS.20A-200$fFI1 952 $a10 B I 79$b6286$fDINEL 952 $aS.20A-205$fFI1 952 $a13 A 71 10$b26812$fFINBC 952 $a10 B I 81$b5915$fDINEL 952 $a13 N 34 15$b28444$fFINBC 952 $a13 A 71 08$b28443$fFINBC 952 $a20A-061$b7292$fFI1 952 $aS.20A-012$b7295$fFI1 952 $aS.20A-018.001$bF.D. 302$fFI1 959 $aMA1 959 $aDINCH 959 $aDINEL 959 $aFI1 959 $aFINBC 959 $aDINPA 959 $aDARCO 996 $aFisica di Feynman$981072 997 $aUNINA LEADER 02155nam 2200409 450 001 9910826670503321 005 20230809231513.0 010 $a1-4766-2930-7 035 $a(CKB)4100000004823428 035 $a(MiAaPQ)EBC5408901 035 $a(EXLCZ)994100000004823428 100 $a20180620d2017 uy 0 101 0 $aeng 135 $aurcnu|||||||| 181 $ctxt$2rdacontent 182 $cc$2rdamedia 183 $acr$2rdacarrier 200 10$aAny resemblance to actual persons $ethe real people behind 400+ fictional movie characters /$fHal Erickson 210 1$aJefferson, North Carolina :$cMcFarland & Company, Inc.,$d[2017] 210 4$dİ2017 215 $a1 online resource (vii, 403 pages) $cillustrations 300 $aIncludes bibliography (pages 375-379) and index. 311 $a1-4766-6605-9 330 $a"Most film buffs know that CITIZEN KANE was based on the life of publisher William Randolph Hearst. But few are aware that key characters in the films like DOUBLE INDEMNITY, COOL HAND LUKE, JAWS, RAIN MAN, A FEW GOOD MEN and ZERO DARK THIRTY were inspired by actual persons. This survey of a clef characters covers a selection of fictionalized personalities, beginning with the Silent Era. The landmark lawsuit surrounding RASPUTIN AND THE EMPRESS (1932) introduced disclaimers in film credits, assuring audiences that characters were not based on real people--even when they were. Entries cover screen incarnations of Wyatt Earp, Al Capone, Bing Crosby, Amelia Earhart, Buster Keaton, Howard Hughes, Janis Joplin and Richard Nixon, along with the inspirations behind perennial favorites like Charlie Chan and Indiana Jones."--back cover. 606 $aCharacters and characteristics in motion pictures 606 $aFilm adaptations$vDictionaries 615 0$aCharacters and characteristics in motion pictures. 615 0$aFilm adaptations 676 $a791.436 700 $aErickson$b Hal$f1950-$01662375 801 0$bMiAaPQ 801 1$bMiAaPQ 801 2$bMiAaPQ 906 $aBOOK 912 $a9910826670503321 996 $aAny resemblance to actual persons$94083124 997 $aUNINA